Computational intelligence in economics and finance (Record no. 1118)

MARC details
000 -LEADER
Fixed length control field 00464nam a2200169 4500
003 - CONTROL NUMBER IDENTIFIER
Control field SEACOMEC
005 - DATE AND TIME OF LATEST TRANSACTION
Control field 20240516112232.0
008 - FIXED-LENGTH DATA ELEMENTS--GENERAL INFORMATION
Fixed length control field 240516b |||||||| |||| 00| 0 eng d
020 ## - INTERNATIONAL STANDARD BOOK NUMBER / ISBN
International Standard Book Number 8181285603
Price Rs.995.00
040 ## - CATALOGING SOURCE
Original cataloging agency SEACOMEC
082 ## - DEWEY DECIMAL CLASSIFICATION NUMBER
Classification number 006.3
Book Number C518
100 ## - MAIN ENTRY--PERSONAL NAME
Personal name chen,Shu-Heng
245 1# - TITLE STATEMENT
Title Computational intelligence in economics and finance
Statement of responsibility Shu-Heng chen Paul p. Wang
260 ## - IMPRINT
Place of publication New Delhi
Name of publisher Springer
Date of publication 2007
650 ## - SUBJECT ADDED ENTRY--TOPICAL TERM
Topical term Economics
942 ## - ADDED ENTRY ELEMENTS (KOHA)
Koha item type Books
Holdings
Withdrawn status Lost status Source of classification Damaged status Not for loan Home library Current library Date acquired Total Checkouts Call number Accession number Date last seen Price effective from Koha item type Copy number
    Dewey Decimal Classification     SEACOM ENGINEERING COLLEGE SEACOM ENGINEERING COLLEGE 10/12/2007   006.3 C518 8839 16/05/2024 16/05/2024 Books  
    Dewey Decimal Classification     SEACOM ENGINEERING COLLEGE SEACOM ENGINEERING COLLEGE 10/12/2007   006.3 C518 8840 16/05/2024 16/05/2024 Books 1
© Seacom Engineering College, All rights reserved.      Powered by Koha